000 00693cab a2200241 4500
001 WB3140-06
008 090401t1995 xxu||||| |||| 00| 0 eng d
035 _a(Sirsi) u9021
041 _aeng
245 _aCrematoria to be sold
260 _c1995
350 _a0
490 _aGuardian
_v25 October 1995, 7(1)
520 _aExamines the privatisation programme to sell off 167 municipally owned crematoria, and the effects on the industry.
650 _aAIR POLLUTION
650 _aCREMATORIA
650 _aFUNERAL MARKET
650 _aPRIVATISATION
650 _aSERVICE CORPORATION INTERNATIONAL
690 _aPROPERTY-COMMERCIAL PROPERTY
942 _n0
948 _c04/03/1997
999 _c5591
_d5591